000 00601nam a2200205Ia 4500
003 OSt
005 20240401121642.0
008 210210b1966 xxu||||| |||| 00| 0 eng d
040 _cAL
041 _aKannada
082 _a859/1496
100 _aRAJARATNAM (G P)
_9137208
_dರಾಜರತ್ನಂ ಜಿ ಪಿ.
245 _aBhodhisatvana kategalu
_bಭೋದಿಸತ್ವನ ಕಥೆಗಳು
260 _aBengaluru
_bStandard Book Dipo
_c1966
650 _akategaLu
_9137209
650 _aBhodhisatvana
_9137210
690 _aKannada Fiction
_9137211
906 _a022226
942 _2ddc
_cBK
999 _c146361
_d146361